[Event "LIGA CENTRALNE SRBIJE 2013 - Jug"]
[Site "Niš"]
[Date "2013.10.17"]
[Round "1.1"]
[White "Livaja, Mario"]
[Black "Zivkovic, Rajko"]
[Result "1-0"]
[WhiteElo "2219"]
[BlackElo "2184"]
[PlyCount "107"]
[EventDate "2013.10.17"]

1. d4 d5 2. c4 e6 3. Nc3 Nf6 4. Nf3 Be7 5. g3 O-O 6. Bg2 c6 7. O-O Nbd7 8. Qd3
b6 9. Rd1 Ba6 10. b3 Rc8 11. e4 dxe4 12. Nxe4 Nxe4 13. Qxe4 Nf6 14. Qc2 Qc7 15.
Bf4 Bd6 16. Be5 c5 17. Bxf6 gxf6 18. d5 Bb7 19. Nh4 Be5 20. Rac1 Rcd8 21. Qe2
Kh8 22. Qh5 Rg8 23. dxe6 Rxd1+ 24. Rxd1 fxe6 25. Bxb7 Qxb7 26. Nf3 Bb8 27. Rd3
Qe7 28. Nh4 Be5 29. Nf3 Bc7 30. Re3 Qd7 31. Qh6 Bd8 32. Kg2 Rg6 33. Qh3 f5 34.
Ne5 Qb7+ 35. Kg1 Rg8 36. Rd3 Qe4 37. Nf7+ Kg7 38. Rd7 Qe1+ 39. Qf1 Qxf1+ 40.
Kxf1 Bf6 41. Ng5+ Kg6 42. Nxe6 Be5 43. Rxa7 Re8 44. Nc7 Re7 45. Nb5 Re6 46. Rd7
f4 47. Kg2 h5 48. Rd3 Kf5 49. Kf3 fxg3 50. hxg3 Re7 51. Nd6+ Ke6 52. Ne4 Rf7+
53. Ke2 Rg7 54. f4 1-0

[Event "LIGA CENTRALNE SRBIJE 2013 - Jug"]
[Site "Niš"]
[Date "2013.10.17"]
[Round "1.1"]
[White "Savic, Goran Lj"]
[Black "Djukic, Nebojsa"]
[Result "1/2-1/2"]
[WhiteElo "2153"]
[BlackElo "2177"]
[PlyCount "36"]
[EventDate "2013.10.17"]

1. e4 e6 2. d4 d5 3. Nd2 Nf6 4. e5 Nfd7 5. c3 c5 6. Bd3 Nc6 7. Ne2 Qb6 8. Nf3
cxd4 9. cxd4 f6 10. exf6 Nxf6 11. O-O Bd6 12. a3 O-O 13. b4 e5 14. dxe5 Nxe5
15. Ned4 Bg4 16. Be2 Rae8 17. h3 Bh5 18. Be3 Qd8 1/2-1/2

[Event "LIGA CENTRALNE SRBIJE 2013 - Jug"]
[Site "Niš"]
[Date "2013.10.17"]
[Round "1.1"]
[White "Grkovic, Vladan"]
[Black "Milutinovic, Zoran"]
[Result "1/2-1/2"]
[WhiteElo "2205"]
[BlackElo "2110"]
[PlyCount "39"]
[EventDate "2013.10.17"]

1. d4 c6 2. Nf3 d5 3. Bf4 Bf5 4. c4 e6 5. Nc3 Bd6 6. Bxd6 Qxd6 7. Qb3 Qc7 8. e3
Nf6 9. Be2 O-O 10. O-O Nbd7 11. Rfc1 Qb6 12. Qa3 a5 13. Nh4 Bg6 14. Nxg6 hxg6
15. c5 Qb4 16. Qb3 e5 17. Qd1 exd4 18. exd4 a4 19. a3 Qa5 20. Bd3 1/2-1/2

[Event "LIGA CENTRALNE SRBIJE 2013 - Jug"]
[Site "Niš"]
[Date "2013.10.17"]
[Round "1.1"]
[White "Ostojic, Nikola M"]
[Black "Rilak, Slavoljub"]
[Result "1/2-1/2"]
[WhiteElo "2082"]
[BlackElo "2097"]
[PlyCount "54"]
[EventDate "2013.10.17"]

1. d4 d5 2. c4 e6 3. Nc3 Nf6 4. Bg5 Be7 5. e3 O-O 6. Nf3 a6 7. cxd5 exd5 8. Qc2
Nbd7 9. Bd3 Re8 10. O-O Nf8 11. Rfc1 c6 12. Rab1 Be6 13. b4 N6d7 14. Bxe7 Qxe7
15. a4 Rec8 16. h3 Rc7 17. Ne2 Rac8 18. Nf4 Nf6 19. Qc5 Qd8 20. Ne5 N6d7 21.
Nxd7 Qxd7 22. Qc2 g6 23. Rb3 Qe7 24. Qb1 Nd7 25. Rbc3 Nb6 26. Qb3 Na8 27. Rc5
Bd7 1/2-1/2

[Event "LIGA CENTRALNE SRBIJE 2013 - Jug"]
[Site "Niš"]
[Date "2013.10.17"]
[Round "1.1"]
[White "Miletic, Dragan"]
[Black "Bogdanovic, Dragan"]
[Result "0-1"]
[WhiteElo "2029"]
[BlackElo "1986"]
[PlyCount "80"]
[EventDate "2013.10.17"]

1. d4 Nf6 2. c4 e6 3. Nc3 d5 4. e3 a6 5. a3 Be7 6. Nf3 Nbd7 7. Be2 O-O 8. O-O
dxc4 9. Bxc4 b5 10. Bd3 Bb7 11. Qe2 c5 12. dxc5 Nxc5 13. Bc2 Qc7 14. Nd4 Rfd8
15. Bd2 Rac8 16. Rac1 Bd6 17. h3 Qd7 18. Rfd1 Bb8 19. Be1 Qc7 20. Nf3 Qe7 21.
Nh2 Ncd7 22. Nf1 Nf8 23. Rxd8 Rxd8 24. Rd1 Rc8 25. Bb3 Ng6 26. f3 b4 27. Nb1
bxa3 28. Nxa3 Qc5 29. Kh1 Qb6 30. Ba2 Ba7 31. Bg3 Nd5 32. Bf2 Ndf4 33. Qd2 Nxh3
34. Nc4 Nxf2+ 35. Qxf2 Qc5 36. Nd6 Rd8 37. Nxb7 Qh5+ 38. Kg1 Rxd1 39. Bc4 Qe5
40. Be2 Bxe3 0-1

[Event "LIGA CENTRALNE SRBIJE 2013 - Jug"]
[Site "Niš"]
[Date "2013.10.17"]
[Round "1.1"]
[White "Stankovic, Nikola G"]
[Black "Ivanovic, Veljko"]
[Result "1/2-1/2"]
[WhiteElo "1710"]
[BlackElo "1770"]
[PlyCount "115"]
[EventDate "2013.10.17"]

1. e4 c5 2. Nf3 d6 3. d4 cxd4 4. Qxd4 Nc6 5. Bb5 Bd7 6. Bxc6 Bxc6 7. Nc3 Nf6 8.
Bg5 e5 9. Qd2 Be7 10. Bxf6 Bxf6 11. Nd5 Bxd5 12. Qxd5 Qb6 13. b3 Qc6 14. O-O-O
Rc8 15. Rd2 Be7 16. Qxc6+ bxc6 17. Kb1 O-O 18. c4 f5 19. exf5 Rxf5 20. Rhd1
Rcf8 21. h3 c5 22. Rf1 g5 23. Nh2 Rf4 24. Ng4 Rd4 25. Kc2 Rff4 26. Ne3 Kf7 27.
Nd5 Rxd2+ 28. Kxd2 Rd4+ 29. Kc2 Bd8 30. Rd1 Rxd1 31. Kxd1 h5 32. g4 hxg4 33.
hxg4 Ke6 34. Ke2 Bb6 35. Ke3 Bd8 36. Ke4 Ba5 37. f3 Bd8 38. a3 Ba5 39. b4 cxb4
40. axb4 Bd8 41. Nc3 Bb6 42. Na4 Bd4 43. b5 Bb6 44. Nc3 Bc7 45. Kd3 Kf7 46. Ne4
Kg6 47. c5 dxc5 48. Nxc5 Kf7 49. Ne4 Bd8 50. Kc4 Ke6 51. Kc5 Bb6+ 52. Kc6 Be3
53. Nc3 e4 54. Nd5 Bd4 55. Nc7+ Ke5 56. fxe4 Kxe4 57. Ne6 Be3 58. Kb7 1/2-1/2

[Event "LIGA CENTRALNE SRBIJE 2013 - Jug"]
[Site "Niš"]
[Date "2013.10.17"]
[Round "1.2"]
[White "Radivojevic, Tomislav"]
[Black "Puzic, Slobodan"]
[Result "1-0"]
[WhiteElo "2169"]
[BlackElo "2146"]
[PlyCount "95"]
[EventDate "2013.10.17"]

1. e4 d6 2. g3 e5 3. Bg2 Nf6 4. Nc3 Be7 5. d3 O-O 6. Nge2 Nc6 7. h3 Be6 8. f4
Nd4 9. Nxd4 exd4 10. Ne2 c5 11. f5 Bd7 12. O-O Bc6 13. Nf4 Nd7 14. Bd2 Bg5 15.
h4 Bxf4 16. Bxf4 Ne5 17. Bxe5 dxe5 18. f6 gxf6 19. Qh5 Kh8 20. Kh2 Bd7 21. Rf2
f5 22. Raf1 Qf6 23. Bh3 Qg6 24. Qg5 f6 25. Qxg6 hxg6 26. exf5 gxf5 27. Bxf5
Bxf5 28. Rxf5 Kg7 29. g4 Rac8 30. Kg3 c4 31. g5 cxd3 32. cxd3 Rc2 33. gxf6+ Kf7
34. Rxe5 Rg8+ 35. Rg5 Rxb2 36. a4 Rb6 37. Kg4 Ra6 38. a5 Re6 39. Rf4 Re1 40.
Kf5 Ra1 41. Rxd4 Rxa5+ 42. Kf4 Rgxg5 43. hxg5 Kg6 44. Rd7 Rf5+ 45. Ke4 Rxg5 46.
Rxb7 Kxf6 47. Rxa7 Ke6 48. Ra6+ 1-0

[Event "LIGA CENTRALNE SRBIJE 2013 - Jug"]
[Site "Niš"]
[Date "2013.10.17"]
[Round "1.2"]
[White "Stojiljkovic, Zivojin"]
[Black "Tosic, Slobodan P"]
[Result "0-1"]
[WhiteElo "1991"]
[BlackElo "2218"]
[PlyCount "84"]
[EventDate "2013.10.17"]

1. e4 e5 2. Nf3 Nc6 3. Bc4 Bc5 4. c3 Nf6 5. O-O Nxe4 6. d4 d5 7. Be2 exd4 8.
cxd4 Bb6 9. Nc3 O-O 10. Be3 Re8 11. Rc1 Nxc3 12. bxc3 Bf5 13. Bd3 Bxd3 14. Qxd3
Na5 15. Ng5 g6 16. Bf4 Nc4 17. Qh3 h5 18. Qg3 Qd7 19. h3 f6 20. Nf3 Kh7 21.
Rce1 Nd6 22. Bxd6 Qxd6 23. Qh4 c6 24. g4 Qf4 25. Kg2 Re4 26. Re3 Kg7 27. Rfe1
hxg4 28. hxg4 Rh8 29. Qg3 Qxg3+ 30. fxg3 Rhe8 31. Rxe4 Rxe4 32. Rxe4 dxe4 33.
Nd2 f5 34. gxf5 gxf5 35. g4 Kg6 36. gxf5+ Kxf5 37. Kf2 Kf4 38. Ke2 Ba5 39. Nb1
b5 40. Kf2 e3+ 41. Ke2 Ke4 42. a3 a6 0-1

[Event "LIGA CENTRALNE SRBIJE 2013 - Jug"]
[Site "Niš"]
[Date "2013.10.17"]
[Round "1.2"]
[White "Nikolic, Vojislav B"]
[Black "Blazic, Ivica"]
[Result "0-1"]
[WhiteElo "1922"]
[BlackElo "2025"]
[PlyCount "114"]
[EventDate "2013.10.17"]

1. e4 e5 2. Nf3 Nc6 3. d4 exd4 4. Nxd4 Bc5 5. Be3 Qf6 6. c3 Nge7 7. Bc4 Ne5 8.
Be2 Qg6 9. O-O O-O 10. Nf5 Nxf5 11. Bxc5 Nh4 12. g3 d6 13. Bd4 Bh3 14. Bxe5
dxe5 15. f3 Qb6+ 16. Rf2 Qxb2 17. Nd2 Rad8 18. Qc1 Rxd2 19. Qxb2 Rxb2 20. gxh4
Rd8 21. Bf1 Rxf2 22. Kxf2 Bxf1 23. Rxf1 Rd2+ 24. Ke3 Rxa2 25. Rd1 h6 26. Rd7
Rb2 27. Rxc7 a5 28. Rc5 b5 29. Rxe5 Kf8 30. Rc5 g6 31. Rc7 a4 32. Rb7 a3 33.
Ra7 a2 34. Kd4 Rxh2 35. Kc5 Rb2 36. f4 Rb3 37. Rxa2 Rxc3+ 38. Kd4 Rh3 39. Ke5
Rxh4 40. f5 gxf5 41. exf5 Rc4 42. f6 Rc8 43. Rh2 h5 44. Kd6 Re8 45. Rxh5 Re6+
46. Kc5 Rxf6 47. Kxb5 Rd6 48. Kc5 Rd1 49. Rd5 Rxd5+ 50. Kxd5 Kg7 51. Ke4 Kg6
52. Ke5 Kg5 53. Ke4 Kg4 54. Ke3 f5 55. Kf2 Kf4 56. Ke2 Kg3 57. Kf1 Kf3 0-1

[Event "LIGA CENTRALNE SRBIJE 2013 - Jug"]
[Site "Niš"]
[Date "2013.10.17"]
[Round "1.2"]
[White "Smiljkovic, Dejan"]
[Black "Sinadinovic, Ilija"]
[Result "1-0"]
[WhiteElo "1928"]
[BlackElo "1832"]
[PlyCount "99"]
[EventDate "2013.10.17"]

1. d4 d5 2. c4 c6 3. Nc3 e6 4. Nf3 Nf6 5. e3 Bb4 6. Bd3 Nbd7 7. O-O O-O 8. Qc2
Qc7 9. e4 Bxc3 10. bxc3 dxe4 11. Bxe4 Re8 12. Bg5 Nxe4 13. Qxe4 Nf8 14. Rfe1
Bd7 15. c5 Ng6 16. h4 h5 17. Ne5 f5 18. Qe2 Nxe5 19. Bf4 g6 20. Bxe5 Qd8 21.
Qe3 Kh7 22. Rab1 b6 23. Qg3 b5 24. Bf4 Qf6 25. Bg5 Qg7 26. Qd6 a6 27. a4 Qf7
28. axb5 axb5 29. c4 Rac8 30. Ra1 Ra8 31. cxb5 cxb5 32. c6 Rxa1 33. Rxa1 Bc8
34. Rb1 b4 35. Rxb4 Qf8 36. Qxf8 Rxf8 37. Rb8 Kg7 38. c7 Kf7 39. Bd8 Bd7 40.
c8=Q Bxc8 41. Rxc8 e5 42. dxe5 Ke6 43. Rb8 Kd7 44. Bc7 Rf7 45. Bd6 Ke6 46. Rg8
f4 47. Rxg6+ Kf5 48. Rf6+ Rxf6 49. exf6 Kxf6 50. Bxf4 1-0

[Event "LIGA CENTRALNE SRBIJE 2013 - Jug"]
[Site "Niš"]
[Date "2013.10.17"]
[Round "1.2"]
[White "Stamenkovic, Lazar"]
[Black "Ilic, Stefan B"]
[Result "0-1"]
[WhiteElo "1788"]
[BlackElo "1766"]
[PlyCount "94"]
[EventDate "2013.10.17"]

1. e4 e5 2. Nf3 Nc6 3. Bc4 Bc5 4. O-O Nf6 5. d3 d6 6. h3 h6 7. Nc3 a6 8. a3 O-O
9. Ne2 Re8 10. Ng3 d5 11. exd5 Nxd5 12. Re1 Nb6 13. Ba2 Bf8 14. b4 g6 15. Bb2
Bg7 16. Qd2 Na4 17. c3 e4 18. Nxe4 Bf5 19. Rad1 Bxe4 20. dxe4 Qxd2 21. Rxd2
Nxb2 22. Rxb2 Bxc3 23. Rbe2 Bxe1 24. Rxe1 Rad8 25. Bd5 Kg7 26. Rc1 Rd6 27. Kf1
f5 28. Bxc6 Rxc6 29. Rxc6 bxc6 30. exf5 gxf5 31. Nd4 Kf6 32. Nxc6 Re6 33. Nd4
Rd6 34. Nc2 Rd2 35. Ne3 Ke6 36. Nc4 Rc2 37. Ne3 Rc3 38. a4 Rb3 39. Nc2 Rb2 40.
Nd4+ Ke5 41. Nc6+ Ke4 42. Nb8 Kd3 43. Kg1 a5 44. b5 c5 45. Nc6 c4 46. Ne5+ Kd4
47. Nf3+ Kc5 0-1

[Event "LIGA CENTRALNE SRBIJE 2013 - Jug"]
[Site "Niš"]
[Date "2013.10.17"]
[Round "1.3"]
[White "Savic, Miodrag"]
[Black "Keca, Dragomir"]
[Result "1/2-1/2"]
[WhiteElo "2223"]
[BlackElo "2194"]
[PlyCount "21"]
[EventDate "2013.10.17"]

1. d4 d5 2. c4 e6 3. Nc3 Be7 4. Nf3 Nf6 5. Bg5 h6 6. Bh4 O-O 7. e3 b6 8. cxd5
exd5 9. Bd3 Be6 10. O-O Nbd7 11. Rc1 1/2-1/2

[Event "LIGA CENTRALNE SRBIJE 2013 - Jug"]
[Site "Niš"]
[Date "2013.10.17"]
[Round "1.3"]
[White "Stojiljkovic, Stefan"]
[Black "Milutinovic, Vladan"]
[Result "1-0"]
[WhiteElo "2051"]
[BlackElo "2112"]
[PlyCount "53"]
[EventDate "2013.10.17"]

1. e4 c5 2. c3 d5 3. exd5 Qxd5 4. d4 Nf6 5. Nf3 e6 6. Be2 Be7 7. O-O O-O 8. Be3
cxd4 9. cxd4 Nc6 10. Nc3 Qd8 11. a3 Nd5 12. Nxd5 exd5 13. b4 Be6 14. Rc1 a6 15.
Ne5 Nxe5 16. dxe5 f6 17. exf6 Bxf6 18. Bc5 Rf7 19. Re1 Rd7 20. Bd3 Bf7 21. Bf5
Rc7 22. Qd3 g6 23. Be6 b6 24. Bxb6 Rxc1 25. Bxf7+ Kxf7 26. Rxc1 Qxb6 27. Qxd5+
1-0

[Event "LIGA CENTRALNE SRBIJE 2013 - Jug"]
[Site "Niš"]
[Date "2013.10.17"]
[Round "1.3"]
[White "Zivkovic, Ljubisa"]
[Black "Savic, Ivan"]
[Result "1/2-1/2"]
[WhiteElo "2000"]
[BlackElo "2049"]
[PlyCount "21"]
[EventDate "2013.10.17"]

1. e4 e5 2. Nf3 Nf6 3. Nc3 Bb4 4. Nxe5 Bxc3 5. dxc3 Qe7 6. Nf3 Qxe4+ 7. Be2 O-O
8. O-O d5 9. Bd3 Qe7 10. Re1 Qd6 11. h3 1/2-1/2

[Event "LIGA CENTRALNE SRBIJE 2013 - Jug"]
[Site "Niš"]
[Date "2013.10.17"]
[Round "1.3"]
[White "Vucetic, Mirko"]
[Black "Velickovic, Dusan"]
[Result "1/2-1/2"]
[WhiteElo "2037"]
[BlackElo "1975"]
[PlyCount "120"]
[EventDate "2013.10.17"]

1. d4 d5 2. c4 c6 3. Nc3 Nf6 4. Nf3 Bf5 5. e3 e6 6. Nh4 Bg4 7. Qb3 b6 8. g3 g5
9. Ng2 Bf3 10. h4 Ne4 11. cxd5 exd5 12. Nxe4 Bxe4 13. Bd2 Bf3 14. hxg5 Be7 15.
Rh2 Bxg5 16. Nh4 Bg4 17. Bd3 Qf6 18. Rc1 Nd7 19. Qc2 Rc8 20. f4 Bxh4 21. Rxh4
h5 22. Kf2 Qd6 23. Rch1 Nf6 24. Bf5 Bxf5 25. Qxf5 Qe6 26. Qxe6+ fxe6 27. g4 Kf7
28. gxh5 Ne4+ 29. Ke1 Rh6 30. Rg4 Rg8 31. Rxg8 Kxg8 32. Rh3 Kf7 33. Ke2 Kf6 34.
Be1 Kf5 35. Kf3 Nf6 36. Rh2 Rxh5 37. Rxh5+ Nxh5 38. Bh4 c5 39. dxc5 bxc5 40.
Be7 c4 41. Bc5 a5 42. a4 Nf6 43. Bb6 Ne4 44. Bxa5 Nc5 45. Bc3 Nxa4 46. Bd4 c3
47. Bxc3 Nc5 48. b4 Ne4 49. Be5 Nd2+ 50. Ke2 Nc4 51. Bb8 Ke4 52. Ba7 Nd6 53.
Bd4 Nb5 54. Be5 Na3 55. Bd4 Nb5 56. Bc5 Na3 57. Kd2 Nc4+ 58. Ke2 Na3 59. Bd4
Nb5 60. Bb2 Nd6 1/2-1/2

[Event "LIGA CENTRALNE SRBIJE 2013 - Jug"]
[Site "Niš"]
[Date "2013.10.17"]
[Round "1.3"]
[White "Stojanovic, Ivan M"]
[Black "Vasic, Zarko"]
[Result "1-0"]
[WhiteElo "1905"]
[BlackElo "2015"]
[PlyCount "83"]
[EventDate "2013.10.17"]

1. Nf3 Nf6 2. g3 c5 3. Bg2 Nc6 4. d4 e6 5. O-O Qb6 6. c3 d5 7. dxc5 Bxc5 8. b4
Bd6 9. Be3 Qc7 10. Na3 a6 11. Rc1 b5 12. Nc2 e5 13. Bg5 Be6 14. Ne3 Ne7 15.
Bxf6 gxf6 16. a4 O-O 17. Kh1 Rac8 18. axb5 axb5 19. Qd2 Rfd8 20. Qb2 Ng6 21.
Rfd1 Bf8 22. Nd2 Bh6 23. Nb3 Bxe3 24. fxe3 Qc4 25. Na5 Qg4 26. Bf3 Qg5 27. e4
Ne7 28. Nb7 Rd7 29. Nc5 Rd6 30. exd5 Bxd5 31. e4 Bxe4 32. Nxe4 Rxd1+ 33. Rxd1
Qe3 34. Qe2 Rxc3 35. Nxc3 Qxc3 36. Bh5 f5 37. Qd2 Qc6+ 38. Kg1 Ng6 39. Bxg6
hxg6 40. Rc1 Qe4 41. Re1 Qa8 42. Rxe5 1-0

[Event "LIGA CENTRALNE SRBIJE 2013 - Jug"]
[Site "Niš"]
[Date "2013.10.17"]
[Round "1.3"]
[White "Krstic, Mihailo"]
[Black "Zdravkovic, Dragan S"]
[Result "1-0"]
[WhiteElo "1886"]
[BlackElo "1859"]
[PlyCount "123"]
[EventDate "2013.10.17"]

1. e4 d6 2. d4 Nf6 3. Nc3 g6 4. Be2 Bg7 5. Be3 Nbd7 6. Qd2 c6 7. h4 h5 8. f3
Nb6 9. O-O-O Be6 10. Nh3 Nc4 11. Bxc4 Bxc4 12. Ng5 Qa5 13. b3 Qa3+ 14. Kb1 b5
15. bxc4 bxc4 16. Ka1 Rb8 17. Rb1 O-O 18. Rxb8 Rxb8 19. Rb1 Rb6 20. Rxb6 axb6
21. Nb1 Qa4 22. Qc3 c5 23. Qb2 Nd7 24. c3 Bh6 25. Qd2 f6 26. Ne6 Bxe3 27. Qxe3
Kh7 28. f4 Qc2 29. f5 Qxg2 30. Nf4 Qg4 31. Nxg6 e5 32. d5 Qg2 33. Nd2 b5 34.
Kb2 Nb6 35. Kc2 Kg7 36. Qf3 Qg4 37. Qxg4 hxg4 38. Nf1 b4 39. Ne3 g3 40. Ne7 Kf7
41. Nc6 Kg7 42. cxb4 cxb4 43. Nxb4 Na4 44. Nc6 Kh6 45. Na5 Nc5 46. Naxc4 Nxe4
47. Nd2 Nc5 48. Ndf1 Kh5 49. Nxg3+ Kxh4 50. Ne2 Kg5 51. Kc3 Kh6 52. Kb4 Kg7 53.
Kb5 Kf7 54. Kc6 Ke7 55. Nc4 Na6 56. Nc3 Nb4+ 57. Kb5 Nc2 58. Kb6 Nd4 59. Ne3
Kd7 60. a4 Nb3 61. Ne4 Ke7 62. a5 1-0

[Event "LIGA CENTRALNE SRBIJE 2013 - Jug"]
[Site "Niš"]
[Date "2013.10.17"]
[Round "1.4"]
[White "Dimitrijevic, Zoran"]
[Black "Petrovic, Grade"]
[Result "1-0"]
[WhiteElo "2086"]
[BlackElo "2112"]
[PlyCount "107"]
[EventDate "2013.10.17"]

1. d4 d5 2. Bf4 c6 3. c3 Nf6 4. Nf3 Qb6 5. Qb3 Qxb3 6. axb3 Nbd7 7. Nbd2 g6 8.
e3 Bg7 9. b4 O-O 10. Be2 Re8 11. Ne5 Nxe5 12. Bxe5 Nd7 13. Bxg7 Kxg7 14. Nf3 e5
15. dxe5 Nxe5 16. Nxe5 Rxe5 17. Kd2 Bd7 18. h4 a6 19. Rhe1 Rae8 20. Bf3 h6 21.
Rad1 g5 22. hxg5 hxg5 23. Ke2 Be6 24. g3 Rf5 25. Bg4 Rf6 26. Bxe6 fxe6 27. Rh1
Rh6 28. Rxh6 Kxh6 29. Rh1+ Kg6 30. Kf3 Rf8+ 31. Kg2 e5 32. g4 e4 33. Kg3 Ra8
34. Ra1 Rd8 35. Kh2 Rh8+ 36. Kg2 Rh4 37. Kg3 Kf6 38. Rf1 Rh8 39. f4 exf3 40.
Rxf3+ Kg6 41. Rf2 b6 42. Rd2 Kf6 43. Rf2+ Ke6 44. Rf5 Rg8 45. Kf3 a5 46. e4
axb4 47. cxb4 d4 48. Ke2 Kd6 49. Kd3 c5 50. bxc5+ bxc5 51. Rd5+ Ke6 52. Rxc5
Rb8 53. Rxg5 Rxb2 54. Kxd4 1-0

[Event "LIGA CENTRALNE SRBIJE 2013 - Jug"]
[Site "Niš"]
[Date "2013.10.17"]
[Round "1.4"]
[White "Stoiljkovic, Stefan"]
[Black "Vukasinovic, Sasa"]
[Result "1/2-1/2"]
[WhiteElo "1997"]
[BlackElo "2082"]
[PlyCount "87"]
[EventDate "2013.10.17"]

1. e4 e5 2. Nf3 Nc6 3. d4 exd4 4. Nxd4 Qh4 5. Nc3 Bb4 6. Ndb5 Ba5 7. Bd3 a6 8.
Na3 b5 9. Bd2 Nf6 10. O-O Bb6 11. Nd5 Ng4 12. Bf4 Nxf2 13. Nxb6 Nxd1 14. Nxa8
Nxb2 15. Nxc7+ Kd8 16. Rf2 Qe7 17. Nb1 Nd1 18. Nd5 Qc5 19. Bc7+ Ke8 20. Bb6 Qd6
21. Rf3 Ne5 22. Rf5 Bb7 23. Bd4 Bxd5 24. exd5 Nxd3 25. cxd3 f6 26. Nd2 Qb4 27.
Nf3 Nc3 28. Re1+ Kd8 29. Rf4 Qd6 30. Rg4 Re8 31. Bxc3 Qc5+ 32. Bd4 Rxe1+ 33.
Nxe1 Qxd5 34. a4 Kc7 35. axb5 axb5 36. Nf3 b4 37. Rxg7 b3 38. Rxh7 Qc6 39. Rh5
Qc1+ 40. Kf2 b2 41. Bxb2 Qxb2+ 42. Kg3 Kd6 43. d4 Qc2 44. Rh4 1/2-1/2

[Event "LIGA CENTRALNE SRBIJE 2013 - Jug"]
[Site "Niš"]
[Date "2013.10.17"]
[Round "1.4"]
[White "Djordjevic, Danilo"]
[Black "Nikolic, Stefan"]
[Result "1-0"]
[WhiteElo "2007"]
[BlackElo "1876"]
[PlyCount "71"]
[EventDate "2013.10.17"]

1. d4 d5 2. c4 c6 3. Nc3 Nf6 4. Nf3 a6 5. c5 Bf5 6. Bf4 Nbd7 7. h3 h6 8. e3 e6
9. Be2 Be7 10. Qb3 Ra7 11. Rd1 O-O 12. Bh2 Re8 13. O-O Bf8 14. Nh4 Ne4 15. Nxf5
exf5 16. Bd3 Qh4 17. Ne2 Qf6 18. Qc2 g6 19. b4 Be7 20. a4 Kh8 21. b5 Rg8 22. f3
Ng5 23. e4 fxe4 24. fxe4 Qg7 25. exd5 cxd5 26. Qb3 Rd8 27. Bc7 Ne6 28. Bxd8
Bxd8 29. Qxd5 Nf6 30. Qe5 axb5 31. axb5 Ne8 32. Qb8 Ra2 33. d5 N8c7 34. dxe6
Nxe6 35. Bc4 Qb2 36. Rxd8+ 1-0

[Event "LIGA CENTRALNE SRBIJE 2013 - Jug"]
[Site "Niš"]
[Date "2013.10.17"]
[Round "1.4"]
[White "Mikic, Slobodan"]
[Black "Bozilov, Dragan"]
[Result "0-1"]
[WhiteElo "1967"]
[BlackElo "1925"]
[PlyCount "68"]
[EventDate "2013.10.17"]

1. c4 c6 2. d4 d5 3. cxd5 cxd5 4. Nf3 Nf6 5. Nc3 Nc6 6. g3 Bf5 7. Bg2 e6 8. O-O
Be7 9. Bf4 Nh5 10. Bd2 O-O 11. Ne5 Nf6 12. Nxc6 bxc6 13. Qa4 Qb6 14. b3 c5 15.
dxc5 Bxc5 16. Qh4 Ba3 17. Bg5 Ng4 18. h3 Ne5 19. Be3 Qa5 20. Bd2 Qc5 21. g4 Bg6
22. Qg3 Nc6 23. h4 f5 24. gxf5 Bxf5 25. e4 dxe4 26. Bxe4 Bxe4 27. Nxe4 Qd5 28.
Bh6 Bb2 29. Rae1 Qh5 30. Be3 Ne5 31. Kg2 Nf3 32. Bg5 Nxe1+ 33. Rxe1 Bd4 34. Re2
Qxe2 0-1

[Event "LIGA CENTRALNE SRBIJE 2013 - Jug"]
[Site "Niš"]
[Date "2013.10.17"]
[Round "1.4"]
[White "Djordjevic, Miroslav"]
[Black "Dimitrijevic, Stefan"]
[Result "1-0"]
[WhiteElo "2040"]
[BlackElo "1820"]
[PlyCount "43"]
[EventDate "2013.10.17"]

1. e4 c5 2. Nf3 Nc6 3. d4 cxd4 4. Nxd4 g6 5. Nc3 Bg7 6. Be3 Nf6 7. Bc4 O-O 8.
Bb3 d6 9. f3 Bd7 10. Qd2 Rc8 11. g4 Ne5 12. h4 b5 13. h5 b4 14. Nce2 Bxg4 15.
fxg4 Nxe4 16. Qxb4 Nxg4 17. Ne6 Qd7 18. Qxe4 Nxe3 19. Qxe3 Bxb2 20. Rb1 Qb7 21.
Rg1 Qb4+ 22. Kd1 1-0

[Event "LIGA CENTRALNE SRBIJE 2013 - Jug"]
[Site "Niš"]
[Date "2013.10.17"]
[Round "1.5"]
[White "Kulak, Dejan"]
[Black "Radoja, Djordje"]
[Result "1/2-1/2"]
[WhiteElo "2265"]
[BlackElo "2203"]
[PlyCount "26"]
[EventDate "2013.10.17"]

1. Nf3 Nf6 2. Nc3 d5 3. d4 c6 4. Bg5 Bf5 5. Nh4 Bg6 6. Bxf6 exf6 7. a3 Nd7 8.
Nxg6 hxg6 9. e4 dxe4 10. Nxe4 f5 11. Nd2 Be7 12. c3 Qc7 13. h3 O-O 1/2-1/2

[Event "LIGA CENTRALNE SRBIJE 2013 - Jug"]
[Site "Niš"]
[Date "2013.10.17"]
[Round "1.5"]
[White "Velickovic, Slobodan"]
[Black "Jovic, Mirko"]
[Result "0-1"]
[WhiteElo "2094"]
[BlackElo "2225"]
[PlyCount "98"]
[EventDate "2013.10.17"]

1. Nf3 Nf6 2. g3 b6 3. Bg2 Bb7 4. O-O e6 5. c4 c5 6. Nc3 Be7 7. d4 cxd4 8. Nxd4
Bxg2 9. Kxg2 O-O 10. Bf4 a6 11. Qb3 d6 12. Bg5 Qc7 13. Rac1 Nbd7 14. Na4 Rab8
15. Qf3 Ne5 16. Qc3 Ne4 17. Qc2 Nxg5 18. h4 Qb7+ 19. f3 Rbc8 20. Qb3 Ne4 21.
fxe4 Qxe4+ 22. Nf3 b5 23. Nc3 Qxc4 24. Nxe5 dxe5 25. Qxc4 Rxc4 26. Rcd1 Rd4 27.
e3 Rxd1 28. Rxd1 Rd8 29. Rxd8+ Bxd8 30. Kf3 f5 31. e4 Ba5 32. Ne2 Bd2 33. g4 g6
34. Ng1 Kf7 35. Nh3 Kf6 36. Ke2 Bc1 37. g5+ Kg7 38. b3 h6 39. Kd1 Bf4 40. Nxf4
exf4 41. e5 hxg5 42. hxg5 b4 43. Ke2 Kf7 44. Kf3 Ke7 45. Kxf4 Kd7 46. Ke3 Kc6
47. Kd4 Kb5 48. Kd3 Kc5 49. Ke3 Kd5 0-1

[Event "LIGA CENTRALNE SRBIJE 2013 - Jug"]
[Site "Niš"]
[Date "2013.10.17"]
[Round "1.5"]
[White "Marjanovic, Zvezdan"]
[Black "Sundric, Dragan"]
[Result "1-0"]
[WhiteElo "2070"]
[BlackElo "1963"]
[PlyCount "69"]
[EventDate "2013.10.17"]

1. c4 e5 2. Nc3 f5 3. e3 Nf6 4. d4 exd4 5. exd4 Bb4 6. Bd3 d5 7. Nge2 O-O 8.
O-O Kh8 9. Bg5 dxc4 10. Bxc4 c6 11. Nf4 Bd6 12. Qd3 Bxf4 13. Bxf4 b5 14. Bb3
Na6 15. Rad1 Nb4 16. Qf3 Bb7 17. Nxb5 Ba6 18. Nc7 Bxf1 19. Kxf1 Rc8 20. Ne6 Qb6
21. Nxf8 Rxf8 22. Bd6 Rd8 23. Be5 Ng4 24. Qxf5 Nxe5 25. dxe5 Nd5 26. Kg1 Qc5
27. h4 Rf8 28. Qc2 Qb5 29. g3 h6 30. Ba4 Qb6 31. Bxc6 Nb4 32. Qd2 Nxc6 33. e6
Ne5 34. e7 Re8 35. Qd8 1-0

[Event "LIGA CENTRALNE SRBIJE 2013 - Jug"]
[Site "Niš"]
[Date "2013.10.17"]
[Round "1.5"]
[White "Savic, Nebojsa"]
[Black "Babic, Bosko"]
[Result "1/2-1/2"]
[WhiteElo "2071"]
[BlackElo "2033"]
[PlyCount "35"]
[EventDate "2013.10.17"]

1. e4 c6 2. Nc3 g6 3. Bc4 Nf6 4. e5 Nh5 5. d4 e6 6. Nf3 d5 7. Bb3 Nd7 8. Ne2 c5
9. c3 cxd4 10. cxd4 Bb4+ 11. Nc3 b6 12. O-O Ng7 13. Bf4 Ba6 14. Re1 O-O 15. Rc1
Re8 16. a3 Be7 17. Qd2 Rc8 18. Ng5 1/2-1/2

[Event "LIGA CENTRALNE SRBIJE 2013 - Jug"]
[Site "Niš"]
[Date "2013.10.17"]
[Round "1.5"]
[White "Stojilkovic, Dane"]
[Black "Marjanovic, Novica"]
[Result "1-0"]
[WhiteElo "1963"]
[BlackElo "2021"]
[PlyCount "89"]
[EventDate "2013.10.17"]

1. d4 e6 2. c4 d5 3. Nc3 c6 4. e4 dxe4 5. Nxe4 Bb4+ 6. Nc3 Nf6 7. a3 Bxc3+ 8.
bxc3 O-O 9. Bd3 Nbd7 10. f4 c5 11. Nf3 b6 12. O-O Bb7 13. Ne5 Ne4 14. Qe1 f5
15. Be3 Nxe5 16. fxe5 Qc7 17. Rc1 Rac8 18. Qe2 Qe7 19. Bxe4 Bxe4 20. dxc5 bxc5
21. Rcd1 Rfd8 22. Rxd8+ Rxd8 23. Qf2 Rc8 24. Rd1 Qc7 25. Rd6 Qa5 26. Qd2 Rf8
27. Rxe6 Qxa3 28. Re7 Qa1+ 29. Kf2 f4 30. Bxc5 g5 31. Qe2 Qa5 32. Bb4 Qb6+ 33.
c5 Qg6 34. Qc4+ Kh8 35. Qd4 Bc6 36. c4 g4 37. e6+ Kg8 38. Bc3 g3+ 39. Ke2 Qc2+
40. Bd2 Qe4+ 41. Qxe4 Bxe4 42. hxg3 fxg3 43. Bc3 Rf2+ 44. Ke3 Bg6 45. c6 1-0

[Event "LIGA CENTRALNE SRBIJE 2013 - Jug"]
[Site "Niš"]
[Date "2013.10.17"]
[Round "1.6"]
[White "Djordjevic, Dejan N"]
[Black "Jovanovic, Dragan N"]
[Result "1-0"]
[WhiteElo "2132"]
[BlackElo "1934"]
[PlyCount "65"]
[EventDate "2013.10.17"]

1. e4 c6 2. d4 d5 3. Nc3 dxe4 4. Nxe4 Nf6 5. Ng5 h6 6. N5f3 Bf5 7. Bd3 Bxd3 8.
Qxd3 e6 9. Bf4 Bd6 10. Ne2 Qc7 11. Bxd6 Qxd6 12. Qb3 Qc7 13. O-O O-O 14. c4
Nbd7 15. Rac1 b6 16. Rfd1 Rfd8 17. h3 c5 18. Qe3 cxd4 19. Nexd4 Nf8 20. Ne5 a6
21. Ndc6 Rxd1+ 22. Rxd1 Re8 23. Qd4 Ng6 24. Qd6 Qxd6 25. Rxd6 Nxe5 26. Nxe5 Rc8
27. Rxb6 Rd8 28. Rxa6 Rd1+ 29. Kh2 Rd2 30. Rb6 Rxf2 31. a4 Nh5 32. a5 Nf4 33.
a6 1-0